|
|
|
|
| LEADER |
02865nam a22004575i 4500 |
| 001 |
978-3-642-32781-0 |
| 003 |
DE-He213 |
| 005 |
20151126001136.0 |
| 007 |
cr nn 008mamaa |
| 008 |
121029s2012 gw | s |||| 0|eng d |
| 020 |
|
|
|a 9783642327810
|9 978-3-642-32781-0
|
| 024 |
7 |
|
|a 10.1007/978-3-642-32781-0
|2 doi
|
| 040 |
|
|
|d GrThAP
|
| 050 |
|
4 |
|a QR1-502
|
| 072 |
|
7 |
|a PSG
|2 bicssc
|
| 072 |
|
7 |
|a SCI045000
|2 bisacsh
|
| 082 |
0 |
4 |
|a 579
|2 23
|
| 100 |
1 |
|
|a Baulina, Olga I.
|e author.
|
| 245 |
1 |
0 |
|a Ultrastructural Plasticity of Cyanobacteria
|h [electronic resource] /
|c by Olga I. Baulina.
|
| 264 |
|
1 |
|a Berlin, Heidelberg :
|b Springer Berlin Heidelberg :
|b Imprint: Springer,
|c 2012.
|
| 300 |
|
|
|a XII, 204 p.
|b online resource.
|
| 336 |
|
|
|a text
|b txt
|2 rdacontent
|
| 337 |
|
|
|a computer
|b c
|2 rdamedia
|
| 338 |
|
|
|a online resource
|b cr
|2 rdacarrier
|
| 347 |
|
|
|a text file
|b PDF
|2 rda
|
| 505 |
0 |
|
|a Introduction -- Ultrastructural Plasticity of Cyanobacteria under Dark and Light Intensity Conditions -- Ultrastructural Plasticity of Cyanobacteria During Enzymatic Induction of L-Transformation -- Ultrastructural Plasticity of Cyanobacteria in Model Associaations with Plant Partners -- Ultrastructural Plasticity of Cyanobacteria in Natural Symbioses with Plants. Conclusion.
|
| 520 |
|
|
|a This book offers an in-depth analysis of the cell biology of cyanobacteria, a group of phototrophic microorganisms performing an important function in the biosphere. The chapters present the author’s and her colleagues’ pioneering investigations of the ultrastructure of cyanobacteria under high-light and dark conditions, during irradiation by extremely high fluxes of light, in the course of L-transformation and within model associations and natural symbioses with plants. Diverse patterns of ultrastructural change are illustrated in electron micrographs and schematics. The book further introduces a new concept of “bacterial ultrastructural plasticity” - the reversible rearrangement of ultrastructure in response to environmental changes, as a strategy for finding and investigating cell adaptation mechanisms and intraspecies structural diversity of cyanobacteria and other prokaryotes. It serves as a valuable guide for teaching and research in the field of cell biology of microorganisms and plant-cyanobacteria symbioses.
|
| 650 |
|
0 |
|a Life sciences.
|
| 650 |
|
0 |
|a Cell biology.
|
| 650 |
|
0 |
|a Microbiology.
|
| 650 |
|
0 |
|a Plant physiology.
|
| 650 |
1 |
4 |
|a Life Sciences.
|
| 650 |
2 |
4 |
|a Microbiology.
|
| 650 |
2 |
4 |
|a Plant Physiology.
|
| 650 |
2 |
4 |
|a Cell Biology.
|
| 710 |
2 |
|
|a SpringerLink (Online service)
|
| 773 |
0 |
|
|t Springer eBooks
|
| 776 |
0 |
8 |
|i Printed edition:
|z 9783642327803
|
| 856 |
4 |
0 |
|u http://dx.doi.org/10.1007/978-3-642-32781-0
|z Full Text via HEAL-Link
|
| 912 |
|
|
|a ZDB-2-SBL
|
| 950 |
|
|
|a Biomedical and Life Sciences (Springer-11642)
|